| 000 | 00895nam a22002295i 4500 | ||
|---|---|---|---|
| 001 | 156092 | ||
| 003 | ES-MaACL | ||
| 005 | 20240524063005.0 | ||
| 008 | 041006s1882 xxka |||| | eng d | ||
| 040 |
_aCAM _bspa _cCAM |
||
| 100 | 0 |
_aIrving, Washington, _d1783-1859 _965506 |
|
| 245 | 1 | 0 |
_aOld Christmas _b: from Washington Irving's sketch-book / _cwith upwards of one hundred illustrations by R. Caldecott, engraved by James D. Cooper. |
| 260 |
_aLondon : _bMacmillan & Co., _c1882 ( _eEdinburgh : _fprinted by R. & R. Clark) |
||
| 300 |
_a36 p. : _bil. ; _c30 cm. |
||
| 500 | _aDatos tomados de la cub. | ||
| 597 | _aTexto a dos col. con il. intercaladas en el texto. | ||
| 650 | 4 |
_aNavidad- _vCuentos. _9156090 |
|
| 700 | 1 |
_aCaldecott, Randolph ( _d1846-1886) _9126286 |
|
| 700 | 1 |
_aCooper, James D. _9126570 |
|
| 852 |
_aES-MaACL _j1539-F-18 |
||
| 999 |
_c156092 _d156092 |
||